000 00907cam a22002054a 4500
005 20250605164218.0
008 250528s ||||||||||||||||||||||||d
035 _a20552
020 _a60422793
040 _aGR-AtMCL
_bgre
_dGR-AtMCL
_eAACR2
245 1 _aHistorical Viewpoints / Notable Articles from American Heritage; Volume Two Since 1865
260 _bHarper & Brothers, Publishers,
_c1983
300 _a400
505 0 _aIntroduction, Reconstruction and Race Relations, Impact of Industrialism, Age of Reform, America in World Affairs, Great Depression and the New Deal, Modern America, Epilogue, Index.
520 _aIntroduction, Reconstruction and Race Relations, Impact of Industrialism, Age of Reform, America in World Affairs, Great Depression and the New Deal, Modern America, Epilogue, Index.
700 1 _aGarraty John A
_96534
942 _cBK
999 _c5650
_d5650